<?xml version="1.0" encoding="UTF-8"?>
<record
    xmlns:xsi="http://www.w3.org/2001/XMLSchema-instance"
    xsi:schemaLocation="http://www.loc.gov/MARC21/slim http://www.loc.gov/standards/marcxml/schema/MARC21slim.xsd"
    xmlns="http://www.loc.gov/MARC21/slim">

  <leader>00698nam a2200145Ia 4500</leader>
  <controlfield tag="008">100204s9999    xx            000 0 und d</controlfield>
  <datafield tag="082" ind1=" " ind2=" ">
    <subfield code="b">24789</subfield>
  </datafield>
  <datafield tag="100" ind1=" " ind2=" ">
    <subfield code="a">&#x92E;&#x941;&#x923;&#x917;&#x947;&#x915;&#x930;   &#x936;&#x94D;&#x930;&#x940;.   &#x917;.</subfield>
  </datafield>
  <datafield tag="245" ind1=" " ind2=" ">
    <subfield code="a">&#x92A;&#x930;&#x93F;&#x935;&#x930;&#x94D;&#x924;&#x928;&#x93E;&#x91A;&#x947; &#x92A;&#x94D;&#x930;&#x935;&#x93E;&#x939; - &#x92E;&#x939;&#x93E;&#x930;&#x93E;&#x937;&#x94D;&#x91F;&#x94D;&#x930; 1932 &#x924;&#x947; 1981</subfield>
  </datafield>
  <datafield tag="260" ind1=" " ind2=" ">
    <subfield code="b">"&#x915;&#x949;&#x928;&#x94D;&#x91F;&#x940;&#x928;&#x947;&#x902;&#x91F;&#x932; &#x92C;&#x941;&#x915; &#x938;&#x930;&#x94D;&#x935;&#x94D;&#x939;&#x93F;&#x938;, &#x92A;&#x941;&#x923;&#x947;"</subfield>
    <subfield code="c">1982</subfield>
  </datafield>
  <datafield tag="300" ind1=" " ind2=" ">
    <subfield code="a">326</subfield>
  </datafield>
  <datafield tag="630" ind1=" " ind2=" ">
    <subfield code="a">&#x92A;&#x930;&#x93F;&#x935;&#x930;&#x94D;&#x924;&#x928;&#x93E;&#x91A;&#x947; &#x92A;&#x94D;&#x930;&#x935;&#x93E;&#x939; - &#x92E;&#x939;&#x93E;&#x930;&#x93E;&#x937;&#x94D;&#x91F;&#x94D;&#x930; 1932 &#x924;&#x947; 1981</subfield>
  </datafield>
  <datafield tag="730" ind1=" " ind2=" ">
    <subfield code="a">&#x92A;&#x930;&#x93F;&#x935;&#x930;&#x94D;&#x924;&#x928;&#x93E;&#x91A;&#x947; &#x92A;&#x94D;&#x930;&#x935;&#x93E;&#x939; - &#x92E;&#x939;&#x93E;&#x930;&#x93E;&#x937;&#x94D;&#x91F;&#x94D;&#x930; 1932 &#x924;&#x947; 1981</subfield>
  </datafield>
  <datafield tag="942" ind1=" " ind2=" ">
    <subfield code="c">BOOK</subfield>
  </datafield>
  <datafield tag="999" ind1=" " ind2=" ">
    <subfield code="c">469966</subfield>
    <subfield code="d">469963</subfield>
  </datafield>
  <datafield tag="952" ind1=" " ind2=" ">
    <subfield code="0">0</subfield>
    <subfield code="1">0</subfield>
    <subfield code="4">0</subfield>
    <subfield code="7">0</subfield>
    <subfield code="a">NCKMULUND</subfield>
    <subfield code="b">NCKMULUND</subfield>
    <subfield code="d">2001-06-29</subfield>
    <subfield code="g">40.00</subfield>
    <subfield code="l">0</subfield>
    <subfield code="o">24789</subfield>
    <subfield code="p">NCKMULUND-24789</subfield>
    <subfield code="r">2010-02-04 00:00:00</subfield>
    <subfield code="v">40.00</subfield>
    <subfield code="w">2010-02-04</subfield>
    <subfield code="y">BOOK</subfield>
  </datafield>
</record>
